|
|
|
|
| LEADER |
01650nam a2200421 a 4500 |
| 001 |
000488164 |
| 003 |
CZ BrMZK |
| 005 |
20231122155513.0 |
| 008 |
010907s1999 pl f 0 pol d |
| 020 |
|
|
|a 83-229-1950-6
|
| 040 |
|
|
|a BOA001
|b cze
|
| 072 |
|
7 |
|a 811.162
|x Západoslovanské jazyky
|2 Konspekt
|9 11
|
| 080 |
|
|
|a 808.4(063)
|2 MRF
|
| 080 |
|
|
|a 81'271
|2 MRF
|
| 080 |
|
|
|a 811.162.1
|2 MRF
|
| 080 |
|
|
|a 81'27
|2 MRF
|
| 080 |
|
|
|a 81'38
|2 MRF
|
| 080 |
|
|
|a 006
|2 MRF
|
| 080 |
|
|
|a (062.534)
|2 MRF
|
| 245 |
0 |
0 |
|a Mowa rozświetlona myślą :
|b świadomość normatywno-stylistyczna współczesnych Polaków /
|c pod redakcją Jana Miodka przy współpracy Moniki Zaśko-Zielińskiej i Igora Borkowskiego
|
| 260 |
|
|
|a Wrocław :
|b Wydawnictwo Uniwersytetu Wrocławskiego,
|c 1999
|
| 300 |
|
|
|a 338 s. ;
|c 24 cm
|
| 490 |
1 |
|
|a Acta Universitatis Wratislaviensis ;
|v no 1982
|
| 504 |
|
|
|a Obsahuje bibliografii
|
| 541 |
|
|
|a Wrocław, Biblioteka uniwersyteta
|
| 650 |
0 |
7 |
|a jazyková kultura
|7 ph121322
|2 czenas
|
| 650 |
0 |
7 |
|a polština
|7 ph124318
|y 20. století
|2 czenas
|
| 650 |
0 |
7 |
|a sociolingvistika
|7 ph125749
|2 czenas
|
| 650 |
0 |
7 |
|a stylistika
|7 ph126173
|2 czenas
|
| 650 |
0 |
7 |
|a standardizace a normalizace
|7 ph260671
|2 czenas
|
| 655 |
|
7 |
|a sborníky konferencí
|7 fd133333
|2 czenas
|
| 700 |
1 |
|
|a Zaśko-Zielińska, Monika
|7 mzk2003196570
|4 edt
|
| 700 |
1 |
|
|a Borkowski, Igor
|7 mzk2006343141
|4 edt
|
| 700 |
1 |
|
|a Miodek, Jan,
|d 1946-
|7 js20020812450
|4 edt
|
| 830 |
|
0 |
|a Acta Universitatis Wratislaviensis
|
| 910 |
|
|
|a BOA001
|b M2-1075.239
|
| 990 |
|
|
|a BK
|
| 996 |
7 |
|
|b 2610118777
|c M2-1075.239
|l MZK
|r Sklad / do 24 hodin
|n 5
|p vým
|w 000488164
|u 000010
|a 1
|e BOA001
|j MZK50
|s A
|